Statistiques concernant Ville à pays n°3

Cliquez ici pour prendre le quiz!

Statistiques générales

  • Ce quiz a été pris 120 fois
  • Le résultat moyen est 12 sur 15

Statistiques - réponses

Villeet pays% Correct
PortoPortugal
99%
CracoviePologne
98%
MontevideoUruguay
98%
PyongyangCorée du Nord
96%
PortsmouthRoyaume-Uni
94%
LeipzigAllemagne
92%
AsuncionParaguay
92%
PittsburghÉtats-Unis
89%
KobeJapon
83%
PristinaKosovo
82%
OmskRussie
82%
TombouctouMali
70%
PueblaMexique
70%
PecsHongrie
34%
NarvaEstonie
18%

Distribution des résultats

Percentile par nombre de réponses

% des personnes avec chaque résultat

Votre développement - résultats

Vous n’avez pas pris ce quiz